Assessing constitutional performance / (Record no. 1545)

MARC details
000 -LEADER
fixed length control field 03722cam a2200409 i 4500
001 - CONTROL NUMBER
control field data
005 - DATE AND TIME OF LATEST TRANSACTION
control field 20260322212105.0
008 - FIXED-LENGTH DATA ELEMENTS--GENERAL INFORMATION
fixed length control field data
035 ## - SYSTEM CONTROL NUMBER
System control number 19079883
010 ## - LIBRARY OF CONGRESS CONTROL NUMBER
LC control number 2016020960
020 ## - INTERNATIONAL STANDARD BOOK NUMBER
International Standard Book Number 9781107154797
Qualifying information hardback
020 ## - INTERNATIONAL STANDARD BOOK NUMBER
International Standard Book Number 9781316608357
Qualifying information paperback
040 ## - CATALOGING SOURCE
Original cataloging agency DLC
Language of cataloging eng
Transcribing agency DLC
Description conventions rda
Modifying agency DLC
042 ## - AUTHENTICATION CODE
Authentication code pcc
050 00 - LIBRARY OF CONGRESS CALL NUMBER
Classification number K3165
Item number .A87 2016
082 00 - DEWEY DECIMAL CLASSIFICATION NUMBER
Classification number 342
Edition information 23
084 ## - OTHER CLASSIFICATION NUMBER
Classification number LAW018000
Number source bisacsh
245 00 - TITLE STATEMENT
Title Assessing constitutional performance /
Statement of responsibility, etc. edited by Tom Ginsburg, University of Chicago; Aziz Huq, University of Chicago.
264 #1 - PRODUCTION, PUBLICATION, DISTRIBUTION, MANUFACTURE, AND COPYRIGHT NOTICE
Place of production, publication, distribution, manufacture New York, NY :
Name of producer, publisher, distributor, manufacturer Cambridge University Press,
Date of production, publication, distribution, manufacture, or copyright notice 2016.
300 ## - PHYSICAL DESCRIPTION
Extent xiii, 431 pages :
Other physical details illustrations ;
Dimensions 24 cm.
336 ## - CONTENT TYPE
Content type term text
Content type code txt
Source rdacontent
337 ## - MEDIA TYPE
Media type term unmediated
Media type code n
Source rdamedia
338 ## - CARRIER TYPE
Carrier type term volume
Carrier type code nc
Source rdacarrier
490 0# - SERIES STATEMENT
Series statement Comparative constitutional law and policy
504 ## - BIBLIOGRAPHY, ETC. NOTE
Bibliography, etc. note Includes bibliographical references (pages 417-420) and index.
505 0# - FORMATTED CONTENTS NOTE
Formatted contents note Assessing constitutional performance / Tom Ginsburg and Aziz Z. Huq -- Hippocratic constitutional design / Aziz Z. Huq -- What is a good constitution? Assessing the constitutional proposal in the Icelandic experiment / Helene Landemore -- When is a constitution doing well? The Alberdian test in the Americas / Roberto Gargarella -- Parties and constitutional performance / Martin Shapiro - Constitutional performance in transitions from military to civilian rule / Ozan O. Varol -- Constitutional permissiveness, constitutional restrictiveness, and religious freedom / Hanna Lerner -- Performance of constitutions : transitional provisions / Sumit Bisarya -- Time and constitutional efficacy / Zachary Elkins, Tom Ginsburg and James Melton -- Competitive democracy and the constitutional minimum core / Rosalind Dixon and David Landau -- Ambedkar's constitution : promoting inclusion, opposing majority tyranny / Martha C. Nussbaum -- Assessing the constitutionn of Kenya 2010 fie years later / James Thuo Gathii -- The Arab Spring constitutions : for whose benefit? / Zaid Al-Ali -- Stability in flexibility : a British lens on constitutional success / Erin F. Delaney.
520 ## - SUMMARY, ETC.
Summary, etc. "From London to Libya, from Istanbul to Iceland, there is great interest among comparative constitutional scholars and practitioners about when a proposed constitution is likely to succeed. But what does it mean for a constitution to succeed? Are there universal criteria of success, which apply across the board? Or is the choice of criteria entirely idiosyncratic? This edited volume takes on the idea of constitutional success and shows the manifold ways in which it can be understood. It collects essays from philosophers, political scientists, political scientists, empiricists, and legal scholars, that approach the definition of constitutional success from many different angles. It also brings together case studies from Africa, Europe, Latin America, the Middle East, and Asia. By exploring a varied array of constitutional histories, this book shows how complex ideas of 'constitutional success' play out differently in different contexts and provides examples of how "success" can be differently defined under different circumstances"--
Assigning source Provided by publisher.
650 #0 - SUBJECT ADDED ENTRY--TOPICAL TERM
Topical term or geographic name entry element Constitutional law.
650 #0 - SUBJECT ADDED ENTRY--TOPICAL TERM
Topical term or geographic name entry element Constitutional history.
650 #0 - SUBJECT ADDED ENTRY--TOPICAL TERM
Topical term or geographic name entry element Comparative law.
650 #7 - SUBJECT ADDED ENTRY--TOPICAL TERM
Topical term or geographic name entry element LAW / Constitutional.
Source of heading or term bisacsh
700 1# - ADDED ENTRY--PERSONAL NAME
Personal name Ginsburg, Tom,
Relator term editor.
700 1# - ADDED ENTRY--PERSONAL NAME
Personal name Huq, Aziz Z.,
Relator term editor.
906 ## - LOCAL DATA ELEMENT F, LDF (RLIN)
a 7
b cbc
c orignew
d 1
e ecip
f 20
g y-gencatlg
925 0# -
-- acquire
-- 1 shelf copy
-- policy default
955 ## - COPY-LEVEL INFORMATION (RLIN)
-- xg06 2016-05-03
-- xg06 2016-05-03 to Dewey
-- xm06 2016-05-03
-- xg16 2016-10-05 to LL
Holdings
Withdrawn status Lost status Damaged status Not for loan Home library Current library Shelving location Date acquired Total checkouts Full call number Barcode Date last seen Price effective from Koha item type
        Liberty Liberty General stacks 22/03/2026   342 LOC-LPL-00008 22/03/2026 22/03/2026 Books